| 000 | 00455nam a2200181Ia 4500 | ||
|---|---|---|---|
| 001 | 9337 | ||
| 005 | 20260306161711.0 | ||
| 008 | 260306t2020||||xx |||||||||||||| ||spa|| | ||
| 041 | _aESP | ||
| 082 |
_a378.1012 _bR75 |
||
| 100 |
_aRodríguez Chávez, Iván, _eAUT |
||
| 245 | 0 | _aLa universidad y la autonomía en el Perú al siglo | |
| 260 | _c2020 | ||
| 300 |
_a104 páginas : _c21 cm. |
||
| 650 | _aGEN | ||
| 654 | _aCED | ||
| 942 |
_cLIB _dJUS _fJUS _2ddc _n |
||
| 999 |
_c9337 _d9337 |
||